| 000 | 00362nam a22001457a 4500 | ||
|---|---|---|---|
| 003 | MACL | ||
| 005 | 20200123161950.0 | ||
| 008 | 200123b xxu||||| |||| 00| 0 eng d | ||
| 040 | _cMACL | ||
| 100 |
_aPorter, Gene Stratton _928127 |
||
| 245 | _aA Daughter of the Land | ||
| 260 |
_aHaryana _bUrmika Books _c2019 |
||
| 650 |
_aStories _977923 |
||
| 942 |
_2ddc _cBK |
||
| 999 |
_c61870 _d61870 |
||